| 000 | 00398nam a22001457a 4500 | ||
|---|---|---|---|
| 005 | 20251104164359.0 | ||
| 008 | 251104b |||||||| |||| 00| 0 eng d | ||
| 020 | _a9789812431363 | ||
| 050 |
_aTA174 _b.H224 |
||
| 100 | _aHaik, Yousef | ||
| 245 |
_aEngineering Design Process _cYousef Haik |
||
| 260 |
_aAustralia _bThomson Brooks/Cole _c2003 |
||
| 300 |
_axiv. 270p. _bill. _c24cm |
||
| 942 |
_2lcc _cBK _n0 |
||
| 999 |
_c8030 _d8030 |
||